000 00461nmm a2200169Ia 4500
008 251105s9999||||xx |||||||||||||||||und||
020 _a9789563170863
041 _aspa
100 _aEmar, Juan
245 0 _aAyer
264 _a[Santiago de Chile, Chile] :
_bMago Editores,
_c2009
300 _a138 páginas
490 _aGrandes escritores
650 _aLatin American narrative
856 _uhttps://public.digitaliapublishing.com/a/31842
942 _cCF
999 _c94655
_d94655